000 01121cam a22003014a 4500
001 11843107
003 NUST
005 20220623202226.0
008 991116s2000 nyua b 001 0 eng
010 _a 99058568
020 _a1568581416
038 _aArshad
040 _aDLC
_cDLC
_dDLC
042 _apcc
043 _an-us---
050 0 0 _aHD9009.A73
_bL53 2000
082 0 0 _a364.1680973
_bLIE
100 1 _aLieber, James B.
_97633
245 1 0 _aRats in the grain :
_bthe dirty tricks and trials of Archer Daniels Midland /
_cJames B. Lieber.
260 _aNew York :
_bFour Walls Eight Windows,
_c2000.
300 _axiv, 418 p. :
_bill. ;
_c24 cm.
504 _aIncludes bibliographical references (p. [391]-395) and index.
610 2 0 _aArcher Daniels Midland Company.
_97634
650 0 _aFood industry and trade
_xCorrupt practices
_zUnited States.
_97635
906 _a7
_bcbc
_corignew
_d1
_eocip
_f19
_gy-gencatlg
942 _2ddc
_cBK
999 _c590186
_d590186